000 00584nam a2200229Ia 4500
003 OSt
005 20220928102745.0
006 a|||||r|||| 00| 0
007 ta
008 220927b |||||||| |||| 00| 0 eng d
024 _a64657
037 _cTextual
040 _aSDCL
_cSDCL
_beng
041 _2eng
_aeng
082 _aV51'C, L4
100 _aLittman Robert J.
_9400214
245 0 _aGreek experiment
260 _aLondon
_bThames and Hudson
_c1974
300 _a178p.
_ccm.
942 _hV51'C, L4
_cTEXL
_2CC
999 _c716128
_d716128